[Event "CZE-ch"]
[Site "Plzen"]
[Date "2020.08.27"]
[Round "5"]
[White "Orsag, Milan"]
[Black "Simet, Martin"]
[Result "1-0"]
[WhiteElo "2300"]
[BlackElo "2194"]
[PlyCount "135"]
[EventDate "2020.08.23"]
[EventType "swiss"]
[EventRounds "9"]
[EventCountry "CZE"]
[SourceTitle "CBM 198 Extra"]
[Source "ChessBase"]
[SourceDate "2020.11.30"]
[SourceVersion "1"]
[SourceVersionDate "2020.11.30"]
[SourceQuality "1"]

1. d4 Nf6 2. Nf3 e6 3. c4 b6 4. g3 Ba6 5. b3 Bb4+ 6. Bd2 Be7 7. Bg2 d5 8. Bc3 0-0 9. Nbd2 Nbd7 10. Ne5 Bb7 11. 0-0 c5 12. dxc5 Nxc5 13. Bb2 Rc8 14. Rc1 Qd6 15. e3 Rfd8 16. Qe2 Qb8 17. Rfd1 a5 18. Bd4 Qa8 19. cxd5 Bxd5 20. f3 Nfd7 21. Ndc4 Qa7 22. e4 Nxe5 23. Nxe5 Bb7 24. Qe3 Bf6 25. Nc4 Be7 26. Kh1 Ba6 27. Bf1 h6 28. Qf2 Bg5 29. Rb1 Rd7 30. Ne5 Rdc7 31. Bxc5 Rxc5 32. Rd7 Qa8 33. Bxa6 Qxa6 34. f4 Rc2 35. Rd2 Rc1+ 36. Rxc1 Rxc1+ 37. Kg2 Be7 38. Rc2 Bc5 39. Qe2 Rg1+ 40. Kh3 Qb7 41. Rd2 Qc8 42. Rd7 Bf8 43. Rxf7 Bd6 44. Nc4 Bf8 45. Qh5 e5+ 46. f5 Qc5 47. Rd7 Qf2 48. Qf7+ Kh7 49. Qg6+ Kg8 50. Qe6+ Kh7 51. Rd2 Qf1+ 52. Kh4 Qf3 53. Qg6+ Kg8 54. f6 Re1 55. Nxe5 Rxe4+ 56. Ng4 Qxf6+ 57. Qxf6 gxf6 58. Kh5 Kf7 59. Nxh6+ Ke6 60. Ng4 f5 61. Nf2 Re1 62. Nd3 Ra1 63. Nf4+ Kf7 64. Kg5 b5 65. Kxf5 a4 66. g4 a3 67. g5 Bb4 68. g6+ 1-0

[Event "CZE-ch"]
[Site "Plzen"]
[Date "2020.08.26"]
[Round "4"]
[White "Nguyen, Thai Dai Van"]
[Black "Orsag, Milan"]
[Result "1-0"]
[WhiteElo "2569"]
[BlackElo "2300"]
[PlyCount "55"]
[EventDate "2020.08.23"]
[EventType "swiss"]
[EventRounds "9"]
[EventCountry "CZE"]
[SourceTitle "CBM 198 Extra"]
[Source "ChessBase"]
[SourceDate "2020.11.30"]
[SourceVersion "1"]
[SourceVersionDate "2020.11.30"]
[SourceQuality "1"]

1. d4 d5 2. c4 e6 3. Nc3 c5 4. cxd5 exd5 5. Nf3 Nc6 6. g3 Nf6 7. Bg2 Be7 8. 0-0 0-0 9. Bg5 cxd4 10. Nxd4 h6 11. Be3 Re8 12. Rc1 Bf8 13. a3 Bg4 14. Qb3 Na5 15. Qa2 Be6 16. Rfd1 Nc4 17. Nxe6 fxe6 18. Nxd5 Nxe3 19. Nxe3 Qb6 20. Nc4 Qb5 21. b4 Rad8 22. Rxd8 Rxd8 23. Na5 b6 24. Qxe6+ Kh7 25. Qc4 Qa4 26. Qb3 Qb5 27. Qc2+ Kh8 28. Nc6 1-0

[Event "Drienica Saris op"]
[Site "Drienica"]
[Date "2020.08.14"]
[Round "8"]
[White "Bures, Jaroslav"]
[Black "Orsag, Milan"]
[Result "0-1"]
[WhiteElo "2396"]
[BlackElo "2300"]
[PlyCount "120"]
[EventDate "2020.08.07"]
[EventType "swiss"]
[EventRounds "9"]
[EventCountry "SVK"]
[SourceTitle "CBM 197 Extra"]
[Source "ChessBase"]
[SourceDate "2020.09.30"]
[SourceVersion "1"]
[SourceVersionDate "2020.09.30"]
[SourceQuality "1"]

1. e4 c5 2. Nf3 e6 3. d4 cxd4 4. Nxd4 Nc6 5. Nc3 a6 6. Nxc6 bxc6 7. Bd3 d5 8. Qe2 Nf6 9. 0-0 Be7 10. Rd1 Qc7 11. Na4 Bb7 12. c4 dxe4 13. Bxe4 Nxe4 14. Qxe4 c5 15. Qg4 0-0 16. Bh6 Bf6 17. Rd3 Rfd8 18. Rad1 Rd4 19. Rxd4 cxd4 20. b3 Rd8 21. Bg5 Bxg5 22. Qxg5 e5 23. f3 h6 24. Qf5 Bc8 25. Qd3 Bd7 26. Nb2 Qa5 27. Kf2 Rb8 28. Kg1 Rd8 29. a4 Rb8 30. Kf2 f6 31. Qc2 Qb6 32. Nd3 Qxb3 33. Qxb3 Rxb3 34. Nc5 Rb2+ 35. Ke1 Bc8 36. Rd2 Rb4 37. Rc2 a5 38. Ne4 Kf8 39. c5 Ke7 40. c6 f5 41. Nc5 Kd6 42. Kd2 Rb6 43. c7 Rc6 44. Nb3 Rxc7 45. Rxc7 Kxc7 46. Nxa5 Be6 47. Kd3 Kb6 48. Nc4+ Bxc4+ 49. Kxc4 f4 50. h4 Ka5 51. Kb3 g5 52. h5 Kb6 53. Kc4 Kc6 54. a5 e4 55. fxe4 g4 56. Kxd4 g3 57. Ke5 f3 58. gxf3 g2 59. f4 g1Q 60. Kf5 Qg7 0-1

[Event "Drienica Saris op"]
[Site "Drienica"]
[Date "2020.08.11"]
[Round "5"]
[White "Orsag, Milan"]
[Black "Panko, Radoslav"]
[Result "1-0"]
[WhiteElo "2300"]
[BlackElo "2039"]
[PlyCount "79"]
[EventDate "2020.08.07"]
[EventType "swiss"]
[EventRounds "9"]
[EventCountry "SVK"]
[SourceTitle "CBM 197 Extra"]
[Source "ChessBase"]
[SourceDate "2020.09.30"]
[SourceVersion "1"]
[SourceVersionDate "2020.09.30"]
[SourceQuality "1"]

1. d4 e6 2. Nf3 f5 3. g3 Nf6 4. Bg2 Be7 5. 0-0 0-0 6. c4 d6 7. b3 Ne4 8. Nfd2 Nxd2 9. Qxd2 e5 10. Bb2 Bf6 11. e3 Nc6 12. Nc3 g6 13. Rad1 Bg7 14. dxe5 dxe5 15. Qxd8 Nxd8 16. Ba3 Re8 17. Nd5 Ne6 18. Ne7+ Kh8 19. Nxc8 Raxc8 20. Bxb7 Rcd8 21. Bd5 Bf6 22. f3 Kg8 23. Kf2 Kf7 24. Ke2 Be7 25. Bb2 Bd6 26. Bc3 Rb8 27. Rb1 c5 28. Rbd1 Ke7 29. Bxe6 Kxe6 30. e4 a5 31. Rd5 a4 32. Rfd1 Rb6 33. bxa4 Reb8 34. a5 Rc6 35. Ke3 Ra6 36. f4 exf4+ 37. gxf4 fxe4 38. Rxd6+ Rxd6 39. Rxd6+ Kxd6 40. Be5+ 1-0

[Event "Drienica Saris op"]
[Site "Drienica"]
[Date "2020.08.09"]
[Round "3"]
[White "Orsag, Milan"]
[Black "Bednar, Jan"]
[Result "1-0"]
[WhiteElo "2300"]
[BlackElo "2018"]
[PlyCount "59"]
[EventDate "2020.08.07"]
[EventType "swiss"]
[EventRounds "9"]
[EventCountry "SVK"]
[SourceTitle "CBM 197 Extra"]
[Source "ChessBase"]
[SourceDate "2020.09.30"]
[SourceVersion "1"]
[SourceVersionDate "2020.09.30"]
[SourceQuality "1"]

1. d4 Nf6 2. c4 e6 3. Nc3 Bb4 4. Qc2 d5 5. e3 0-0 6. Bd3 Nbd7 7. Nf3 c5 8. 0-0 cxd4 9. exd4 dxc4 10. Bxc4 Nb6 11. Bb3 Bd7 12. Ne5 Rc8 13. Qd3 Nbd5 14. Bd2 Be7 15. Rfe1 Bc6 16. Rad1 Qd6 17. Qh3 Rfd8 18. Bg5 Be8 19. Qf3 h6 20. Bc1 Bf8 21. h3 a6 22. Qg3 Kh8 23. Qh4 Kg8 24. Rd3 Nb4 25. Rg3 Nh7 26. Bxh6 Qxd4 27. Re4 Qd6 28. Bxg7 Bxg7 29. Qh6 Qf8 30. Reg4 1-0

[Event "CZE-chT2B 1920"]
[Site "Czech Republic"]
[Date "2020.06.28"]
[Round "11.1"]
[White "Brejnik, Gustav"]
[Black "Orsag, Milan"]
[Result "1/2-1/2"]
[WhiteElo "2210"]
[BlackElo "2317"]
[PlyCount "29"]
[EventDate "2019.10.13"]
[EventType "team-tourn"]
[EventRounds "11"]
[EventCountry "CZE"]
[SourceTitle "EXT 2024"]
[Source "ChessBase"]
[SourceDate "2023.10.10"]
[SourceVersion "1"]
[SourceVersionDate "2023.10.10"]
[SourceQuality "1"]
[WhiteTeam "Litomerice"]
[BlackTeam "Praha Dukla"]
[WhiteTeamCountry "CZE"]
[BlackTeamCountry "CZE"]

1. d4 d6 2. c4 e5 3. Nc3 exd4 4. Qxd4 Nf6 5. Bg5 Be7 6. Nf3 Nc6 7. Qd2 h6 8. Bh4 Be6 9. e3 Ne5 10. Nxe5 dxe5 11. Qc2 c6 12. Be2 0-0 13. 0-0 Nd7 14. Bxe7 Qxe7 15. a3 1/2-1/2

[Event "CZE-chT1W 1920"]
[Site "Czech Republic"]
[Date "2020.06.13"]
[Round "10.5"]
[White "Vojta, Tomas"]
[Black "Orsag, Milan"]
[Result "1/2-1/2"]
[WhiteElo "2358"]
[BlackElo "2317"]
[PlyCount "100"]
[EventDate "2019.10.20"]
[EventType "team-tourn"]
[EventRounds "11"]
[EventCountry "CZE"]
[SourceTitle "EXT 2021"]
[Source "ChessBase"]
[SourceDate "2020.10.23"]
[SourceVersion "1"]
[SourceVersionDate "2020.10.23"]
[SourceQuality "1"]
[WhiteTeam "Vlasim Spartak"]
[BlackTeam "Neratovice"]
[WhiteTeamCountry "CZE"]
[BlackTeamCountry "CZE"]

1. e4 c5 2. f4 Nc6 3. Nf3 g6 4. Bb5 Nd4 5. Nxd4 cxd4 6. 0-0 Bg7 7. d3 Nf6 8. e5 Nd5 9. Qf3 Nc7 10. Ba4 0-0 11. f5 Bxe5 12. Bh6 Bg7 13. Bxg7 Kxg7 14. Qg4 f6 15. Qxd4 e5 16. fxe6 dxe6 17. Qf2 e5 18. Bb3 Be6 19. Nd2 b6 20. Nf3 Bd5 21. Kh1 Ne6 22. Rad1 Rc8 23. c3 Bxb3 24. axb3 Qd5 25. b4 Rcd8 26. Qe3 Rfe8 27. Rd2 Qc6 28. Rfd1 Rd6 29. h3 Red8 30. d4 e4 31. Ng1 f5 32. Ne2 Qd5 33. Nf4 Nxf4 34. Qxf4 R8d7 35. Kh2 Re6 36. Re2 Rf7 37. g3 h6 38. h4 b5 39. Rf1 Qd8 40. Qe3 Ref6 41. Ref2 h5 42. Qf4 Re7 43. Qg5 Kf7 44. Re2 a5 45. bxa5 Qxa5 46. Qh6 Qd8 47. Ra1 Qf8 48. Qf4 Qd8 49. Qh6 Qf8 50. Qf4 Qd8 1/2-1/2

[Event "CZE-chT1W 1920"]
[Site "Czech Republic"]
[Date "2020.02.02"]
[Round "7.6"]
[White "Hollan, Petr"]
[Black "Orsag, Milan"]
[Result "1-0"]
[WhiteElo "2301"]
[BlackElo "2317"]
[PlyCount "77"]
[EventDate "2019.10.20"]
[EventType "team-tourn"]
[EventRounds "11"]
[EventCountry "CZE"]
[SourceTitle "CBM 194 Extra"]
[Source "ChessBase"]
[SourceDate "2020.03.31"]
[SourceVersion "1"]
[SourceVersionDate "2020.03.31"]
[SourceQuality "1"]
[WhiteTeam "Praha Oaza"]
[BlackTeam "Neratovice"]
[WhiteTeamCountry "CZE"]
[BlackTeamCountry "CZE"]

1. e4 c5 2. Nf3 e6 3. d4 cxd4 4. Nxd4 Nc6 5. Nc3 Qc7 6. Be3 a6 7. Qd2 Nf6 8. 0-0-0 Be7 9. f4 b5 10. e5 b4 11. exf6 bxc3 12. Qxc3 Bxf6 13. g3 Bb7 14. h4 0-0 15. Rh2 Rfc8 16. Qd2 Ne7 17. Nb3 Bf3 18. Be2 Be4 19. Bd3 Bxd3 20. Qxd3 d5 21. Bd4 Bxd4 22. Nxd4 Rab8 23. h5 h6 24. Rf2 Qb6 25. Qa3 Rc4 26. Rfd2 Ra4 27. Qb3 Rb4 28. Qa3 Ra4 29. Qb3 Qxb3 30. cxb3 Rab4 31. Rc2 R4b6 32. Kb1 f6 33. Re2 Nc6 34. Nxe6 Re8 35. Rxd5 Nb4 36. Rd8 Rxd8 37. Nxd8 Rd6 38. Re8+ Kh7 39. Rh8+ 1-0

[Event "CZE-ch blitz"]
[Site "Prague"]
[Date "2019.12.21"]
[Round "12"]
[White "Jirovsky, Milos"]
[Black "Orsag, Milan"]
[Result "1-0"]
[WhiteElo "2457"]
[BlackElo "2307"]
[PlyCount "53"]
[EventDate "2019.12.21"]
[EventType "swiss (blitz)"]
[EventRounds "15"]
[EventCountry "CZE"]
[SourceTitle "CBM 193 Extra"]
[Source "ChessBase"]
[SourceDate "2020.01.31"]
[SourceVersion "1"]
[SourceVersionDate "2020.01.31"]
[SourceQuality "1"]

1. d4 d5 2. Bf4 c5 3. e3 Nc6 4. c3 Nf6 5. Nd2 Bg4 6. Qb3 Qd7 7. Ngf3 e6 8. Bb5 Bxf3 9. Nxf3 cxd4 10. Ne5 Qc8 11. cxd4 Nd7 12. Rc1 Ndxe5 13. Bxe5 Qd7 14. 0-0 a6 15. Bxc6 bxc6 16. Qa4 f6 17. Bg3 c5 18. Qa5 c4 19. b3 Qb5 20. Qc7 Qd7 21. Qxd7+ Kxd7 22. bxc4 Ba3 23. Rc2 Rhc8 24. c5 Kc6 25. Rb1 a5 26. Rb6+ Kd7 27. Rb7+ 1-0

[Event "CZE-chT1W 1920"]
[Site "Czech Republic"]
[Date "2019.11.10"]
[Round "2.3"]
[White "Orsag, Milan"]
[Black "Jedlicka, Ales"]
[Result "1/2-1/2"]
[WhiteElo "2317"]
[BlackElo "2206"]
[PlyCount "138"]
[EventDate "2019.10.20"]
[EventType "team-tourn"]
[EventRounds "11"]
[EventCountry "CZE"]
[SourceTitle "CBM 193 Extra"]
[Source "ChessBase"]
[SourceDate "2020.01.31"]
[SourceVersion "1"]
[SourceVersionDate "2020.01.31"]
[SourceQuality "1"]
[WhiteTeam "Neratovice"]
[BlackTeam "Polabiny II"]
[WhiteTeamCountry "CZE"]
[BlackTeamCountry "CZE"]

1. d4 Nf6 2. c4 g6 3. Nc3 Bg7 4. Nf3 0-0 5. Bg5 h6 6. Bh4 d6 7. e3 c5 8. Be2 g5 9. Bg3 Nh5 10. dxc5 Nxg3 11. hxg3 dxc5 12. Qc2 e6 13. Nd2 Nc6 14. a3 Qe7 15. g4 Bd7 16. Rd1 Rfd8 17. g3 a6 18. f4 Rab8 19. Nf3 f6 20. Qe4 Be8 21. Bd3 b5 22. Qh7+ Kf8 23. 0-0 bxc4 24. Bxc4 Rxd1 25. Nxd1 Bf7 26. Bxa6 Qd6 27. Bc4 Ne7 28. Qd3 Qc7 29. b3 Rd8 30. Qe2 Nd5 31. Kg2 Nb6 32. Bb5 Kg8 33. Nf2 Nd5 34. Rc1 Qa5 35. a4 Qb4 36. Bc4 Nb6 37. Rc2 Nd5 38. Nd3 Qb6 39. e4 Nb4 40. Rd2 Nc6 41. e5 gxf4 42. gxf4 Nd4 43. Nxd4 Rxd4 44. exf6 Bxf6 45. Rd1 Kg7 46. Re1 Bg6 47. Nf2 Rxf4 48. Qxe6 Qxe6 49. Bxe6 Bd4 50. Re2 Kf6 51. Bc4 h5 52. g5+ Kg7 53. Kg3 Rxf2 54. Rxf2 h4+ 55. Kg2 Be4+ 56. Kf1 Bxf2 57. Kxf2 Kg6 58. a5 Kxg5 59. a6 h3 60. Kg3 Kf5 61. a7 Ke5 62. Be2 h2 63. Kxh2 Kd6 64. Kg3 Kc7 65. Kf4 Bg2 66. Ke5 Kb6 67. Kd6 Kxa7 68. Kxc5 Kb8 69. b4 Be4 1/2-1/2

[Event "CZE-chT2B 1920"]
[Site "Czech Republic"]
[Date "2019.10.13"]
[Round "1.1"]
[White "Orsag, Milan"]
[Black "Neuman, Petr"]
[Result "0-1"]
[WhiteElo "2317"]
[BlackElo "2366"]
[PlyCount "67"]
[EventDate "2019.10.13"]
[EventType "team-tourn"]
[EventRounds "11"]
[EventCountry "CZE"]
[SourceTitle "EXT 2024"]
[Source "ChessBase"]
[SourceDate "2023.10.10"]
[SourceVersion "1"]
[SourceVersionDate "2023.10.10"]
[SourceQuality "1"]
[WhiteTeam "Praha Dukla"]
[BlackTeam "Kolesovice Cesky Lev"]
[WhiteTeamCountry "CZE"]
[BlackTeamCountry "CZE"]

1. d4 Nf6 2. c4 g6 3. Nc3 Bg7 4. e4 d6 5. Be2 0-0 6. Be3 c5 7. e5 Nfd7 8. exd6 exd6 9. Nf3 Na6 10. 0-0 Nf6 11. h3 Bf5 12. Qd2 Ne4 13. Nxe4 Bxe4 14. Bh6 Re8 15. Bxg7 Kxg7 16. a3 Qf6 17. Rad1 Rad8 18. Ng5 Bc6 19. Bf3 d5 20. dxc5 dxc4 21. Qc1 h6 22. Rxd8 Rxd8 23. Ne4 Bxe4 24. Bxe4 Qd4 25. Bxb7 Nxc5 26. Bf3 Nd3 27. Qc2 Rb8 28. Qc3 Qxc3 29. bxc3 Rb3 30. Bd5 Rxc3 31. g3 Nb2 32. Rb1 Rc2 33. Re1 Rd2 34. Be4 0-1

[Event "CZE-chT2C 1819"]
[Site "Czech Republic"]
[Date "2019.03.31"]
[Round "11.2"]
[White "Balacek, Tadeas"]
[Black "Orsag, Milan"]
[Result "1-0"]
[WhiteElo "2319"]
[BlackElo "2312"]
[PlyCount "93"]
[EventDate "2018.10.14"]
[EventType "team-tourn"]
[EventRounds "11"]
[EventCountry "CZE"]
[SourceTitle "EXT 2022"]
[Source "ChessBase"]
[SourceDate "2021.10.06"]
[SourceVersion "1"]
[SourceVersionDate "2021.10.06"]
[SourceQuality "1"]
[WhiteTeam "Lysa nad Labem III"]
[BlackTeam "Neratovice II"]
[WhiteTeamCountry "CZE"]
[BlackTeamCountry "CZE"]

1. d4 d5 2. Bf4 Nf6 3. e3 g6 4. Nf3 Bg7 5. Bd3 0-0 6. Nbd2 c5 7. c3 b6 8. 0-0 Bb7 9. h3 Nc6 10. Ne5 Nd7 11. Nxd7 Qxd7 12. Nf3 f6 13. Bh2 Rad8 14. Qe2 e5 15. dxe5 fxe5 16. e4 d4 17. Bc4+ Kh8 18. Bd5 Qe7 19. Rad1 Rc8 20. c4 Nd8 21. Bxb7 Nxb7 22. Ne1 Nd6 23. Rc1 Qh4 24. Nd3 Bh6 25. Rc2 Qf6 26. a3 Bf4 27. b4 Bxh2+ 28. Kxh2 b5 29. bxc5 Nxc4 30. a4 Ne3 31. axb5 Nxc2 32. Qxc2 Rb8 33. Qc4 Rfc8 34. Rb1 g5 35. Qd5 Re8 36. c6 Rbd8 37. Qc5 Qe7 38. Rc1 Kg7 39. Qc4 g4 40. hxg4 Qh4+ 41. Kg1 Qxg4 42. Ra1 Kh8 43. f3 Qg7 44. c7 Rg8 45. g4 Rdf8 46. Rxa7 Rxf3 47. c8Q 1-0

[Event "CZE-chT2C 1819"]
[Site "Czech Republic"]
[Date "2019.03.17"]
[Round "10.2"]
[White "Orsag, Milan"]
[Black "Dolezal, Radoslav"]
[Result "1/2-1/2"]
[WhiteElo "2312"]
[BlackElo "2357"]
[PlyCount "81"]
[EventDate "2018.10.14"]
[EventType "team-tourn"]
[EventRounds "11"]
[EventCountry "CZE"]
[SourceTitle "EXT 2022"]
[Source "ChessBase"]
[SourceDate "2021.10.06"]
[SourceVersion "1"]
[SourceVersionDate "2021.10.06"]
[SourceQuality "1"]
[WhiteTeam "Neratovice II"]
[BlackTeam "Pankrac II"]
[WhiteTeamCountry "CZE"]
[BlackTeamCountry "CZE"]

1. d4 Nf6 2. Nf3 e6 3. c4 d5 4. Nc3 Nbd7 5. Bg5 c6 6. e3 Bb4 7. cxd5 exd5 8. Bd3 0-0 9. 0-0 Re8 10. Qc2 Nf8 11. a3 Be7 12. b4 a6 13. Rab1 Ne4 14. Bxe7 Qxe7 15. Bxe4 dxe4 16. Nd2 Bf5 17. a4 Rac8 18. Rfc1 h5 19. Nf1 h4 20. f3 Nh7 21. fxe4 Bg6 22. b5 axb5 23. axb5 Ng5 24. Nd2 h3 25. bxc6 bxc6 26. g3 Rcd8 27. Rf1 c5 28. d5 Nxe4 29. Ndxe4 Bxe4 30. Nxe4 Qxe4 31. Qxe4 Rxe4 32. Rb7 f6 33. Rd1 Re5 34. d6 Rxe3 35. Rc7 Re5 36. Rd2 Kf8 37. Kf2 Re6 38. d7 Ke7 39. Rxc5 Rxd7 40. Rxd7+ Kxd7 41. Rh5 1/2-1/2